000 00789nam a22002297a 4500
005 20090709120644.0
008 090709t xxu||||| |||| 00| 0 eng d
010 _aENG-94362
020 _a9788190556934
_c500.00
035 _aEN-77895
037 _bDBAD / PUB
040 _adpl
_bEnglish
082 _a323
245 _aHuman rights and global justice /
_cedited by C.R. Jambekar
260 _aNew Delhi
_bKanchan Publishing House
_c2008
270 _aWZ-52/45, Ravi Nagar,
_bNew Delhi
_e110018
300 _a175p.
_c23cm(Hb)
650 _aHuman rights
700 _aJambekar, C.R.
942 _2ddc
_cEN
_mHUM
_h323
999 _c28106
_d28106